Ogni Paese Americano per Forma - Statistics

Statistiche generali
  • Questo quiz è stato fatto 1.349 volte
  • Il punteggio medio è 22 su 35
Statistiche sulle risposte
con Immagini Risposta % Corretto
Stati Uniti
99%
Canada
98%
Cile
97%
Messico
97%
Brasile
96%
Argentina
94%
Cuba
91%
Perù
85%
Panama
83%
Colombia
77%
Bolivia
76%
Haiti
69%
Bahamas
63%
Repubblica Dominicana
63%
Guyana
61%
Venezuela
60%
Ecuador
58%
Trinidad e Tobago
58%
Belize
56%
Nicaragua
56%
Paraguay
56%
Costa Rica
55%
Giamaica
51%
Guatemala
50%
Saint Kitts e Nevis
48%
Antigua e Barbuda
47%
Uruguay
47%
El Salvador
46%
Saint Vincent e Grenadine
46%
Santa Lucia
42%
Suriname
40%
Grenada
39%
Honduras
39%
Barbados
38%
Dominica
36%
Nessun quiz corrispondente trovato
Distribuzione punteggi
Percentuale di utenti per punteggio
Percentile per numero di risposta
I tuoi punteggi nel tempo
Non hai fatto questo quiz